|
|
|
|
| LEADER |
02316nam a2200637 a 4500 |
| 001 |
nkc20102116086 |
| 003 |
CZ PrNK |
| 005 |
20101026164400.0 |
| 007 |
ta |
| 008 |
100909s2010 xr f 000 0 eng |
| 015 |
|
|
|a cnb002116086
|
| 020 |
|
|
|a 978-80-246-1785-5
|q (váz.)
|
| 035 |
|
|
|a (OCoLC)670480319
|
| 040 |
|
|
|a ABA001
|b cze
|
| 041 |
1 |
|
|a eng
|h cze
|
| 043 |
|
|
|a e-xr---
|a e-cs---
|
| 045 |
|
|
|a x1y1
|
| 072 |
|
7 |
|a 34
|x Právo
|2 Konspekt
|9 16
|
| 080 |
|
|
|a 34
|2 MRF
|
| 080 |
|
|
|a 34(091)
|2 MRF
|
| 080 |
|
|
|a 341.171(4)
|2 MRF
|
| 080 |
|
|
|a 340.137
|2 MRF
|
| 080 |
|
|
|a (437.3)
|2 MRF
|
| 080 |
|
|
|a (437)
|2 MRF
|
| 080 |
|
|
|a (048.8:082)
|2 MRF
|
| 100 |
1 |
|
|a Tomášek, Michal,
|d 1963-
|7 jn20000402379
|4 aut
|
| 245 |
1 |
0 |
|a Czech law between europeanization and globalization /
|c Michal Tomášek et al.
|
| 246 |
1 |
|
|i V prelimináriích uvedeno:
|a New phenomena in law at the beginning of the 21st century
|
| 250 |
|
|
|a 1st ed.
|
| 260 |
|
|
|a Prague :
|b Karolinum,
|c 2010
|
| 300 |
|
|
|a 368 s. ;
|c 25 cm
|
| 500 |
|
|
|a Přeloženo z češtiny
|
| 504 |
|
|
|a Obsahuje bibliografie a bibliografické odkazy
|
| 550 |
|
|
|a Vydavatel: Univerzita Karlova v Praze
|
| 648 |
|
7 |
|a 1918-2010
|7 ch969073
|2 czenas
|
| 650 |
0 |
7 |
|a právo
|7 ph115914
|z Česko
|2 czenas
|
| 650 |
0 |
7 |
|a právo
|7 ph115914
|z Československo
|2 czenas
|
| 650 |
0 |
7 |
|a právní dějiny
|7 ph164957
|z Česko
|2 czenas
|
| 650 |
0 |
7 |
|a právní dějiny
|7 ph164957
|z Československo
|2 czenas
|
| 650 |
0 |
7 |
|a evropské právo
|7 ph121776
|2 czenas
|
| 650 |
0 |
7 |
|a harmonizace práva
|7 ph228418
|z Česko
|2 czenas
|
| 650 |
0 |
9 |
|a law
|z Czechia
|2 eczenas
|
| 650 |
0 |
9 |
|a law
|z Czechoslovakia
|2 eczenas
|
| 650 |
0 |
9 |
|a history of law
|z Czechia
|2 eczenas
|
| 650 |
0 |
9 |
|a history of law
|z Czechoslovakia
|2 eczenas
|
| 650 |
0 |
9 |
|a European law
|2 eczenas
|
| 650 |
0 |
9 |
|a harmonization of laws
|z Czechia
|2 eczenas
|
| 655 |
|
7 |
|a kolektivní monografie
|7 fd501537
|2 czenas
|
| 655 |
|
9 |
|a collective monographs
|2 eczenas
|
| 710 |
2 |
|
|a Univerzita Karlova
|7 kn20010710036
|
| 856 |
4 |
1 |
|u http://www.digitalniknihovna.cz/mzk/uuid/uuid:a23fbb00-9e99-11e7-920d-005056827e51
|y Digitalizovaný dokument
|x NDK
|
| 910 |
2 |
|
|a BOA001
|b 2-1251.031
|
| 990 |
|
|
|a BK
|
| 995 |
|
|
|a 01
|
| 991 |
|
|
|b 201010
|c NOV
|e n
|
| 996 |
6 |
|
|b 2610449138
|c 2-1251.031
|l MZK
|r Sklad / do 1 hodiny
|n 3
|p p.v.
|w 001148383
|u 000010
|a 1
|e BOA001
|j MZK50
|s P
|